| 000 | 01675nam a2200193 i 4500 | ||
|---|---|---|---|
| 001 | 768714001 | ||
| 003 | CO-MdFUSB | ||
| 005 | 20220715151211.0 | ||
| 008 | 220715t1984 ck |||| |||| 00| 0 spa d | ||
| 040 |
_bspa _aCO-MdFUSB _cCO-MdFUSB _dCO-MdFUSB |
||
| 041 | _aspa | ||
| 100 |
_aStevenson, Robert Louis, _eautor |
||
| 245 | 3 |
_aLa isla del tesoro _c/ Robert Louis Stevenson |
|
| 300 | _aVolumen 5, (1984) páginas 197-335 | ||
| 520 | _aLa isla del tesoro narra una aventura de un tiempo lejano, en el que todavía había piratas y tesoros escondidos en islas desiertas. En esta novela, un mapa de una isla cae en manos del joven Jim Hawkins. El mapa indica el lugar donde el mayor pirata de todos los tiempos ha escondido su botín. Junto con un barón, un médico y una colorida tripulación, Jim parte en busca de la isla. Una parte de la tripulación resulta estar compuesta por mercenarios amotinados, por lo que los buenos buscadores del tesoro deberán sortear un sinnúmero de obstáculos antes de poder obtener su recompensa. Son pocos los marineros que regresan sanos y salvos a Inglaterra. El autor recurre a un apreciado tema de las novelas de aventura del siglo XIX: la búsqueda del tesoro pirata. Con el lenguaje simple y colorido de La Isla del tesoro, Stevenson da una impronta personal al género. Su novela constituye uno de los puntos cúlmines de la literatura de aventuras y ha encontrado ávidos lectores no solo entre los adolescentes, sino también en el público adulto. | ||
| 653 | _aLiteratura universal | ||
| 773 | 0 |
_067924 _981131 _aOveja Negra, _o24694 _tMaestros de la literatura universal _w(CO-MdFUSB)768714001 _z8482806718 |
|
| 942 | _cBK | ||
| 999 |
_c67963 _d67963 |
||